000 00374nam a2200133 i 4500
001 bg
100 1 _aZIAJA, Jerzy
245 0 _aRentgenograficzne metody wyznaczania parametrów rzeczywistej struktury ciała polikrystalicznego /
_cJerzy Ziaja.
260 _aWrocław,
_c1975.
040 _cBPK
041 _apol
942 _cKS
008 s pl f |000 0 pol
999 _c15926
_d15926
856 _uhttp://koha.tu.koszalin.pl/cgi-bin/koha/opac-detail.pl?biblionumber=15926
_yKatalog online BPK